000 00688nam a2200217 a 4500
005 20230214064045.0
008 991125c1995 mx 000 0 spa u
020 _a9681622863
035 _aUPN01000045670
049 _aCG
050 4 _aF1233.5 D5
_bK7.6
100 1 _aKrauze, Enrique,
_d1947-
_928570
245 1 0 _aPorfirio Díaz :
_bmístico de la autoridad /
_cEnrique Krauze inv. iconográfica Aurelio de los Reyes.
260 _aMéxico :
_bFCE,
_cc1995.
300 _a157 p. :
_bil., fots.
440 0 _aBiografía del poder ;
_v1
600 1 4 _aDíaz, Porfirio,
_d1830-1915
_911887
650 2 _aPresidentes
_zMéxico
_vBiografía
_96029
905 _aLibro
999 _c45670
_d45670